Biblioteca y Centro de Documentación

Un primer análisis del V Acuerdo para el Empleo y la Negociación Colectiva (Registro nro. 53761)

Detalles MARC
000 -CABECERA
Longitud fija campo de control 02244nam a2200457 c 4500
001 - NÚMERO DE CONTROL
Número de control 53761
003 - IDENTIFICADOR DE NÚMERO DE CONTROL
Identificador del número de control ES-MaCES
005 - FECHA Y HORA DE LA ÚLTIMA TRANSACCIÓN
Fecha y hora de la última transacción 20250625111435.0
007 - PHYSICAL DESCRIPTION FIXED FIELD--GENERAL INFORMAT
Campo fijo de descripción física cr |||||||||||
008 - CAMPO FIJO DE DESCRIPCIÓN FIJA--INFORMACIÓN GENERAL
Códigos de información de longitud fija   250625s2024 sp o100 | spa d
017 ## - NÚMERO DE REGISTRO DE DERECHOS DE AUTOR Y DEPÓSITO LEGAL
Número de copyright o de depósito legal M 27628-2024
Agencia que asigna el número DL
020 ## - ISBN (INTERNATIONAL STANDARD BOOK NUMBER)
Número Internacional Normalizado para Libros (ISBN) 9788484176367
024 7# - OTROS IDENTIFICADORES
Número normalizado o código 117-25-001-5
Fuente del número o código nipo
024 7# - OTROS IDENTIFICADORES
Número normalizado o código 117-25-002-0
Fuente del número o código nipo pdf
040 ## - FUENTE DE CATALOGACIÓN
Centro catalogador de origen ES-MaCES
Lengua de catalogación spa
Centro transcriptor ES-MaCES
111 2# - ENCABEZAMIENTO PRINCIPAL--NOMBRE DE REUNIÓN
Nombre de congreso o jurisdicción como elemento de entrada Jornadas de Estudio sobre Negociación Colectiva
Número del congreso o número de parte o sección de la obra 36ª
Fecha del congreso 2023
Sede del congreso Madrid
9 (RLIN) 41397
245 13 - MENCIÓN DE TÍTULO
Título Un primer análisis del V Acuerdo para el Empleo y la Negociación Colectiva
Mención de responsabilidad, etc. XXXVI Jornada de Estudio sobre Negociación Colectiva [celebrada en Madrid, 15 de nov. de 2023] ; ed. preparada por la Comisión Consultiva Nacional de Convenios Colectivos
260 ## - PUBLICACIÓN, DISTRIBUCIÓN, ETC (PIE DE IMPRENTA)
Lugar de publicación, distribución, etc. Madrid
Nombre del editor, distribuidor, etc. Ministerio de Trabajo y Economía Social, Subdirección General de Informes, Recursos y Publicaciones
Fecha de publicación, distribución, etc. [2024]
300 ## - DESCRIPCIÓN FÍSICA
Extensión 142 p
Dimensiones 22 cm
Material anejo 1 documento pdf (726 kb)
490 1# - MENCIÓN DE SERIE
Mención de serie Colección Informes y estudios. Serie Relaciones laborales
Designación de volumen o secuencia 141
541 ## - NOTA DE LA FUENTE INMEDIANTE DE ADQUISICIÓN
Forma de adquisición Compra
650 #4 - ASIENTO SECUNDARIO DE MATERIA--TÉRMINO DE MATERIA
Término de materia o nombre geográfico como elemento inicial empleo
9 (RLIN) 28299
650 #4 - ASIENTO SECUNDARIO DE MATERIA--TÉRMINO DE MATERIA
Término de materia o nombre geográfico como elemento inicial negociación colectiva
9 (RLIN) 28362
650 #4 - ASIENTO SECUNDARIO DE MATERIA--TÉRMINO DE MATERIA
Término de materia o nombre geográfico como elemento inicial concertación social
9 (RLIN) 30664
650 #4 - ASIENTO SECUNDARIO DE MATERIA--TÉRMINO DE MATERIA
Término de materia o nombre geográfico como elemento inicial concertación tripartita
9 (RLIN) 30936
650 #4 - ASIENTO SECUNDARIO DE MATERIA--TÉRMINO DE MATERIA
Término de materia o nombre geográfico como elemento inicial relaciones laborales
9 (RLIN) 28369
650 #4 - ASIENTO SECUNDARIO DE MATERIA--TÉRMINO DE MATERIA
Término de materia o nombre geográfico como elemento inicial condiciones de trabajo
9 (RLIN) 28327
650 #4 - ASIENTO SECUNDARIO DE MATERIA--TÉRMINO DE MATERIA
Término de materia o nombre geográfico como elemento inicial condiciones de empleo
9 (RLIN) 30040
650 #4 - ASIENTO SECUNDARIO DE MATERIA--TÉRMINO DE MATERIA
Término de materia o nombre geográfico como elemento inicial acuerdo colectivo de empresa
9 (RLIN) 31121
650 #4 - ASIENTO SECUNDARIO DE MATERIA--TÉRMINO DE MATERIA
Término de materia o nombre geográfico como elemento inicial España
9 (RLIN) 26964
650 #4 - ASIENTO SECUNDARIO DE MATERIA--TÉRMINO DE MATERIA
9 (RLIN) 27013
Término de materia o nombre geográfico como elemento inicial conferencia
653 10 - TÉRMINO DE INDEXACIÓN--NO CONTROLADO
Término no controlado Relaciones laborales-Empleo
710 1# - ENCABEZAMIENTO SECUNDARIO--NOMBRE CORPORATIVO
Nombre de entidad o nombre de jurisdicción como elemento inicial Comisión Consultiva Nacional de Convenios Colectivos (España)
Término indicativo de función ed. lit.
9 (RLIN) 2011
710 1# - ENCABEZAMIENTO SECUNDARIO--NOMBRE CORPORATIVO
Nombre de entidad o nombre de jurisdicción como elemento inicial España
Unidad subordinada Ministerio de Trabajo y Economía Social
9 (RLIN) 39731
787 0# - ENTRADA DE OTRAS ESPECIFICACIONES
Título La negociación colectiva en la reforma laboral 2021
Número de control del registro relacionado (ES-MaCES)53105
830 #0 - ENCABEZAMIENTO SECUNDARIO DE COLECCIÓN--TÍTULO UNIFORME
Título uniforme Colección Informes y estudios (España. Ministerio de Trabajo y Economía Social)
Nombre de parte o sección de la obra Serie Relaciones laborales
Designación de volumen o secuencia 141
9 (RLIN) 39985
856 4# - ACCESO ELECTRÓNICO
Identificador Uniforme del Recurso (URI) http://biblioteca.ces.es/repintra/B53761.pdf
Texto del enlace texto completo
Nota pública [intranet]
856 4# - ACCESO ELECTRÓNICO
Identificador Uniforme del Recurso (URI) https://www.mites.gob.es/es/sec_trabajo/ccncc/B_Actuaciones/Jornadas/LibrosJornadas.htm
Nota pública Colección de Jornadas sobre Negociación Colectiva a texto completo desde la II Jornada (1989)
902 ## - CES. TIPO DE DOCUMENTO
Tipodoc (006$c Sirtex) LIB Libro
942 ## - ELEMENTOS KOHA
Fuente de clasificaión o esquema Clasificación propia del CES
Koha [por defecto] tipo de item Monografías
Parte de clasificación Relaciones Laborales y Rel. Lab.- Empleo
Existencias
Número de registro Signatura completa Tipo de item de Koha
203247 SG-2.0.-532 Monografías
© CES, Consejo Económico y Social de España 2021